000 00726nam a2200205 a 4500
003 0
005 20250225083637.0
008 111114s19uu xx 00 eng d
050 _aPGS SB 167.T6
_b.J91 2011
100 _aJuane, Prince Angelo S.
245 _aEffect of different mulches on the growth of Lycopersicon esculentum /
_cPrince Angelo S. Juane.
260 _aLas PiƱas City, Philippines :
_bSouthville International School and Colleges,
_c2011.
300 _a20 pages :
_billustrations ;
_c28 cm.
504 _aIncludes bibliographical references.
650 _aLycopersicon esculentum.
650 _aTomatoes
_vGrowth.
650 _aMulching.
650 _aPlant growth regulators.
942 _2lcc
_cPASS
999 _c98598
_d98598